| 000 | 00664nam a22001937a 4500 | ||
|---|---|---|---|
| 005 | 20160715130001.0 | ||
| 010 | _aENG-115436-437 | ||
| 020 |
_c 3500.00 (set of 2 vols.) _a9789383784011 (set of 2 vols.) |
||
| 035 | _aEN-98968-969 | ||
| 037 | _bDBAD/PUB | ||
| 082 | _2355.03109540951 | ||
| 100 | _aK.K.Singh | ||
| 245 |
_aIndo- China relations and 1962 war / _cK.K.Singh |
||
| 246 | _aIndo- China relations and 1962 war; Krishna Kumar Singh | ||
| 260 |
_aDelhi _bNeeraj Publishing House _c2014 |
||
| 270 |
_a425,Nimri Colony,Ashok Vihar,Phase-IV _bDelhi _e110052 |
||
| 300 |
_avii,326p. _c22cm(Hb) |
||
| 942 |
_2ddc _cEN _h355.03109540951 _mKRI |
||
| 999 |
_c101318 _d101318 |
||